000 00439nam a22001817a 4500
003 OSt
005 20140310181828.0
008 130706t xxu||||| |||| 00| 0 eng d
050 _aG 11
_b.H611 2001
082 _aREF 912.02
_bH49 1995
245 _aActivity atlas
_cHewitt, Sally
260 _aAtlases :
_b New Burlington Books,
_c1995
300 _a30 p.
521 _a
541 _j1
562 _e1
942 _2lcc
_cBK-GR
_kREF
999 _c4418
_d4418